| 000 | 00591nam a2200229Ia 4500 | ||
|---|---|---|---|
| 005 | 20251020182442.0 | ||
| 008 | 200515s9999 xx 000 0 und d | ||
| 020 | _a84-95312-53-0 | ||
| 082 | _a528.784/L84 | ||
| 100 | _aLorenzo Martínez, Ramón M. | ||
| 245 | 0 | _aCartografía : Urbanismo y Desarrollo Inmobiliario | |
| 250 | _a1a ed. | ||
| 260 | _aMadrid | ||
| 260 | _bCIE INVERSIONES EDITORIALES DOSSAT 2000 | ||
| 260 | _c2001 | ||
| 300 | _a334 p. | ||
| 300 | _bil., tbl., graf., map., col. | ||
| 500 | _a1 ejemplar | ||
| 650 | _aCARTOGRAFIA | ||
| 942 | _cLIB | ||
| 999 |
_c562 _d562 |
||